000 00718nam a2200241Ia 4500
008 160404s9999 xx 000 0 und d
020 _a971-08-6786-5
050 _aFIL HF 5661
050 _b.H37 2010
100 _aHarina, Ricardo M.
245 _aCollege accounting 1 :
245 _baccounting for service and merchandising business : cash control, special journals, voucher system and payroll /
245 _cRicardo M. Harina.
250 _aRevised Edition
260 _aMandaluyong:
260 _bNational Book Store,
260 _c2010
300 _a266 pages :
300 _billustrations ;
300 _c25 cm.
650 _aAccounting.
650 _xAccounting -- Problems, exercises, etc.
999 _c293215
_d293215